000
00284nam a2200133Ia 4500
008
240624s9999 xx 000 0 und d
041
_a
eng
082
_a
823 FIT
100
_a
FITZGERALD F SCOTT
245
_a
GREAT GATSBY
260
_c
2014
300
_a
200 p.
365
_c
RS
_b
25
999
_c
30929
_d
30929